000 00648nam a2200217 i 4500
001 135183
003 ES-MaACL
005 20240126063010.0
007 t|
008 070711s1957 sp ||||1| spa d
080 _a882-311.2"18"
100 1 _aTolstói, Lev,
_d1828-1910
_9110489
245 1 0 _aGuerra y paz /
_cLev Nikolaevich Tolstoï ; traducción de Serge T. Baranov y N. Balmanya.
250 _a[1ª ed.].
260 _aBarcelona :
_bBruguera,
_c1957.
300 _a1140 p. :
_bil. ;
_c21 cm.
700 1 _aBaranov, Serge T.
_925322
700 1 _aBalmanya, N.
_925094
852 _aES-MaACL
_jC-12961
_bR.40460
999 _c135183
_d135183